000 00590nam a22001575i 4500
001 48253
003 ES-MaACL
007 t|
008 950711s1885 po a ||||1| fre d
040 _aCAM
_bspa
_cCAM
100 1 _aChoffat, Paul.
_938589
245 1 0 _aRecueil de monographies stratigraphiques sur le système crétacique du Portugal /
_cpar Paul Choffat.
260 _aLisbonne :
_bSection des travaux géologiques du Portugal,
_c1885 (
_fImprimerie de l'Academie Royale des Sciences)
300 _a[4], VII, 287 p., [3] h. pleg., [7] h. de lám. ;
_c32 cm.
852 _aES-MaACL
_jG-6149
999 _c48253
_d48253